The Golden Fleece and the heroes who lived before Achilles / (Record no. 2490)
[ view plain ]
| 000 -LEADER | |
|---|---|
| fixed length control field | 01165pam a2200289 a 4500 |
| 005 - DATE AND TIME OF LATEST TRANSACTION | |
| control field | 20231212145314.0 |
| 020 ## - INTERNATIONAL STANDARD BOOK NUMBER | |
| International Standard Book Number | 0689868847 |
| 040 ## - CATALOGING SOURCE | |
| Original cataloging agency | DLC |
| Transcribing agency | DLC |
| Modifying agency | DLC |
| Language of cataloging | eng |
| 050 00 - LIBRARY OF CONGRESS CALL NUMBER | |
| Classification number | BL820.A8 |
| Item number | C64 2004 |
| 082 00 - DEWEY DECIMAL CLASSIFICATION NUMBER | |
| Classification number | 292.1/3 |
| Edition number | 22 |
| 100 1# - MAIN ENTRY--PERSONAL NAME | |
| Personal name | Colum, Padraic |
| Dates associated with a name | 1881-1972 |
| 245 14 - TITLE STATEMENT | |
| Title | The Golden Fleece and the heroes who lived before Achilles / |
| Statement of responsibility, etc. | Padraic Colum ; illustrated by Willy Pogany. |
| 250 ## - EDITION STATEMENT | |
| Edition statement | First Scholastic printing, September 1990 |
| 260 ## - PUBLICATION, DISTRIBUTION, ETC. | |
| Place of publication, distribution, etc. | New York : |
| Name of publisher, distributor, etc. | Scholastic, |
| Date of publication, distribution, etc. | 1921 |
| 300 ## - PHYSICAL DESCRIPTION | |
| Extent | 316 pages : |
| Other physical details | illustrations ; |
| Dimensions | 21 cm |
| 500 ## - GENERAL NOTE | |
| General note | Originally published: New York : Macmillan, c1921. |
| 505 ## - FORMATTED CONTENTS NOTE | |
| Formatted contents note | Z |
| 520 ## - SUMMARY, ETC. | |
| Summary, etc. | Describes the cycle of myths about the Argonauts and the quest for the Golden Fleece, as well as the tales of the Creation of Heaven and Earth, the labors of Hercules, Theseus and the Minotaur, etc. |
| 521 ## - TARGET AUDIENCE NOTE | |
| Target audience note | 1070 |
| Source | Lexile |
| 521 ## - TARGET AUDIENCE NOTE | |
| Target audience note | Z |
| Source | Raz-Plus |
| 650 #0 - SUBJECT ADDED ENTRY--TOPICAL TERM | |
| Topical term or geographic name entry element | Argonauts (Greek mythology) |
| Form subdivision | Juvenile literature. |
| 650 #0 - SUBJECT ADDED ENTRY--TOPICAL TERM | |
| Topical term or geographic name entry element | Mythology, Greek |
| Form subdivision | Juvenile literature. |
| 700 1# - ADDED ENTRY--PERSONAL NAME | |
| Personal name | Pogány, Willy |
| Dates associated with a name | 1882-1955 |
| Relator term | illustrator |
| 906 ## - LOCAL DATA ELEMENT F, LDF (RLIN) | |
| a | 7 |
| b | cbc |
| c | origcop |
| d | 2 |
| e | ncip |
| f | 20 |
| g | y-gencatlg |
| 942 ## - ADDED ENTRY ELEMENTS (KOHA) | |
| Source of classification or shelving scheme | Dewey Decimal Classification |
| Koha item type | Books |
| Suppress in OPAC | No |
| 999 ## - | |
| -- | 2490 |
| -- | 2490 |
| Withdrawn status | Lost status | Source of classification or shelving scheme | Damaged status | Not for loan | Collection | Home library | Current library | Shelving location | Date acquired | Total Checkouts | Full call number | Barcode | Date last seen | Date last checked out | Price effective from | Koha item type |
|---|---|---|---|---|---|---|---|---|---|---|---|---|---|---|---|---|
| Dewey Decimal Classification | Fiction | Footprints International School Library Network Toul Kork Campus | Footprints International School Library Network Toul Kork Campus | TTP Secondary Fiction Bookshelves | 12/12/2023 | 1 | COL 292.1/3 BL820.A8 | FISSE01264 | 07/18/2025 | 07/15/2025 | 12/12/2023 | Books |
